[Event "Bavaria-ch 94th"]
[Site "Rosenheim"]
[Date "2023.08.22"]
[Round "4"]
[White "Fuchs, Florian1111"]
[Black "Schlichtmann, Robin"]
[Result "0-1"]
[WhiteElo "2096"]
[BlackElo "2277"]
[PlyCount "68"]
[EventDate "2023.08.20"]
[EventType "tourn"]
[EventRounds "9"]
[EventCountry "GER"]
[SourceTitle "CBM 215 Extra"]
[Source "ChessBase"]
[SourceDate "2023.09.30"]
[SourceVersion "1"]
[SourceVersionDate "2023.09.30"]
[SourceQuality "1"]

1. e4 e5 2. Nf3 Nc6 3. Bb5 Nf6 4. 0-0 Nxe4 5. Re1 Nd6 6. Nxe5 Be7 7. Bf1 Nxe5 8. Rxe5 0-0 9. d4 Bf6 10. Bd3 Bxe5 11. dxe5 Ne8 12. Nc3 d6 13. Qh5 g6 14. Qh6 Qe7 15. exd6 cxd6 16. Nd5 Qe1+ 17. Bf1 Qe5 18. c4 Qg7 19. Qh4 h5 20. Bd2 Be6 21. Ne7+ Kh7 22. Re1 Nc7 23. Bd3 f5 24. g4 Rae8 25. Bg5 Rf7 26. c5 dxc5 27. Nxf5 Bxf5 28. Rxe8 Bxd3 29. Re3 Qd4 30. Qh3 Be4 31. gxh5 Qd1+ 32. Qf1 Qxf1+ 33. Kxf1 Bd5 34. hxg6+ Kxg6 0-1

[Event "AUT-chT2W 2223"]
[Site "Austria"]
[Date "2023.04.22"]
[Round "10.6"]
[White "Dobosz, Henryk"]
[Black "Schlichtmann, Robin"]
[Result "1/2-1/2"]
[WhiteElo "2337"]
[BlackElo "2229"]
[PlyCount "61"]
[EventDate "2022.09.23"]
[EventType "team-tourn"]
[EventRounds "11"]
[EventCountry "AUT"]
[SourceTitle "EXT 2024"]
[Source "ChessBase"]
[SourceDate "2023.10.10"]
[SourceVersion "1"]
[SourceVersionDate "2023.10.10"]
[SourceQuality "1"]
[WhiteTeam "Bregenz"]
[BlackTeam "Kufstein/Woergl"]
[WhiteTeamCountry "AUT"]
[BlackTeamCountry "AUT"]

1. c4 g6 2. Nc3 c5 3. Nf3 Bg7 4. d4 cxd4 5. Nxd4 Nc6 6. Nc2 Bxc3+ 7. bxc3 Nf6 8. f3 Qa5 9. Bd2 d6 10. e4 0-0 11. Be2 Be6 12. Nd4 Rac8 13. Qb3 Qc5 14. Nxe6 fxe6 15. Qb5 Nxe4 16. fxe4 Qf2+ 17. Kd1 Qxg2 18. Re1 Qxe4 19. Qg5 Ne5 20. Qe3 Qc6 21. Rg1 Qa4+ 22. Ke1 Rxc4 23. Rf1 Re4 24. Rxf8+ Kxf8 25. Qf2+ Kg7 26. Bh6+ Kxh6 27. Qf8+ Kg5 28. Qxe7+ Kf5 29. Qf8+ Kg5 30. Qe7+ Kf5 31. Qf8+ 1/2-1/2

[Event "AUT-chT2W 2223"]
[Site "Austria"]
[Date "2023.01.22"]
[Round "8.6"]
[White "Wischounig, Laurin"]
[Black "Schlichtmann, Robin"]
[Result "0-1"]
[WhiteElo "1959"]
[BlackElo "2229"]
[PlyCount "80"]
[EventDate "2022.09.23"]
[EventType "team-tourn"]
[EventRounds "11"]
[EventCountry "AUT"]
[SourceTitle "CBM 213 Extra"]
[Source "ChessBase"]
[SourceDate "2023.05.31"]
[SourceVersion "1"]
[SourceVersionDate "2023.05.31"]
[SourceQuality "1"]
[WhiteTeam "Jenbach II"]
[BlackTeam "Kufstein/Woergl"]
[WhiteTeamCountry "AUT"]
[BlackTeamCountry "AUT"]

1. d4 Nf6 2. c4 g6 3. Nc3 d5 4. Nf3 Bg7 5. Qb3 dxc4 6. Qxc4 0-0 7. e4 Nc6 8. Be2 e5 9. d5 Nd4 10. Nxd4 exd4 11. Qxd4 c6 12. Bg5 Nxe4 13. Qxg7+ Kxg7 14. Bxd8 Nxc3 15. bxc3 Rxd8 16. dxc6 bxc6 17. 0-0 Rb8 18. h4 Be6 19. Bf3 c5 20. Rfd1 Rxd1+ 21. Rxd1 Bxa2 22. Rd7 Be6 23. Rxa7 Rb1+ 24. Kh2 Rb3 25. c4 Bxc4 26. Rc7 Rb5 27. Kg3 Be6 28. Be2 Rb2 29. Kf3 c4 30. Ke3 Rc2 31. h5 g5 32. g3 Kf6 33. Bf3 Rc3+ 34. Ke2 Ra3 35. Be4 h6 36. f4 Rxg3 37. f5 Bxf5 38. Bxf5 Kxf5 39. Kf2 Rc3 40. Rc6 f6 0-1

[Event "Staufer op 33rd"]
[Site "Schwaebisch Gmuend"]
[Date "2023.01.05"]
[Round "8"]
[White "Scheeff, Volker"]
[Black "Schlichtmann, Robin"]
[Result "0-1"]
[WhiteElo "2050"]
[BlackElo "2263"]
[PlyCount "50"]
[EventDate "2023.01.02"]
[EventType "swiss"]
[EventRounds "9"]
[EventCountry "GER"]
[SourceTitle "CBM 212 Extra"]
[Source "ChessBase"]
[SourceDate "2023.03.31"]
[SourceVersion "1"]
[SourceVersionDate "2023.03.31"]
[SourceQuality "1"]

1. e4 e5 2. Nf3 Nc6 3. Bb5 a6 4. Ba4 Nf6 5. 0-0 Be7 6. Re1 b5 7. Bb3 0-0 8. a4 d5 9. Bxd5 Nxd5 10. exd5 Nd4 11. Nxd4 exd4 12. axb5 Bd6 13. d3 Qh4 14. g3 Qh3 15. Re4 Bb7 16. c4 dxc3 17. Nxc3 axb5 18. Rxa8 Rxa8 19. Qe1 b4 20. Ne2 g5 21. Qf1 Qf5 22. f3 Bxd5 23. Rg4 h6 24. h4 Bxf3 25. Nd4 Qxg4 0-1

[Event "Tirol Landesliga 2223"]
[Site "Austria"]
[Date "2022.10.01"]
[Round "1.1"]
[White "Schlichtmann, Robin"]
[Black "Pogan, Nikolas"]
[Result "1-0"]
[WhiteElo "2229"]
[BlackElo "2260"]
[PlyCount "97"]
[EventDate "2022.10.01"]
[EventType "team-tourn"]
[EventRounds "9"]
[EventCountry "AUT"]
[SourceTitle "EXT 2024"]
[Source "ChessBase"]
[SourceDate "2023.10.10"]
[SourceVersion "1"]
[SourceVersionDate "2023.10.10"]
[SourceQuality "1"]
[WhiteTeam "Kufstein/Woergl"]
[BlackTeam "Hall/Mils"]
[WhiteTeamCountry "AUT"]
[BlackTeamCountry "AUT"]

1. e4 c6 2. d4 g6 3. Nc3 d5 4. f3 Bg7 5. Be3 a6 6. Qd2 e6 7. h4 h5 8. 0-0-0 b5 9. a3 Nd7 10. Bg5 Ne7 11. exd5 cxd5 12. Nxd5 exd5 13. Bxe7 Qxe7 14. Re1 Ne5 15. dxe5 Be6 16. f4 0-0 17. Nf3 Rab8 18. Nd4 Rfc8 19. Qb4 Qc7 20. Bd3 Bg4 21. Kb1 Qb6 22. c3 Re8 23. Rhf1 Rbd8 24. Qb3 Bf8 25. f5 gxf5 26. Bxf5 Bg7 27. Bxg4 hxg4 28. Rf5 Qh6 29. g3 Qd2 30. Qd1 Qxd1+ 31. Rxd1 Rxe5 32. Rxe5 Bxe5 33. Nc6 Re8 34. Rxd5 Bxg3 35. Rg5+ Kh7 36. Rxg4 Bc7 37. Kc2 Re2+ 38. Kb3 f5 39. Rd4 Kg6 40. Rd5 Bg3 41. h5+ Kxh5 42. Rxf5+ Kg6 43. Nd4 Rh2 44. Rc5 Bf4 45. Rc6+ Kf7 46. Rxa6 Bc1 47. Nc2 Ke7 48. Rb6 Rh5 49. Ka2 1-0

[Event "Oberliga Bayern 1920"]
[Site "Bayern"]
[Date "2019.11.10"]
[Round "2.7"]
[White "Schlichtmann, Robin"]
[Black "Just, Hannes"]
[Result "1-0"]
[WhiteElo "2234"]
[BlackElo "2105"]
[PlyCount "77"]
[EventDate "2019.10.20"]
[EventType "team-tourn"]
[EventRounds "9"]
[EventCountry "GER"]
[SourceTitle "EXT 2021"]
[Source "ChessBase"]
[SourceDate "2020.10.23"]
[SourceVersion "1"]
[SourceVersionDate "2020.10.23"]
[SourceQuality "1"]
[WhiteTeam "Garching II"]
[BlackTeam "Nuernberg Sued SW"]
[WhiteTeamCountry "GER"]
[BlackTeamCountry "GER"]

1. e4 d6 2. d4 g6 3. Nc3 Bg7 4. f4 Nf6 5. Nf3 c5 6. Bb5+ Bd7 7. e5 Ng4 8. e6 fxe6 9. Ng5 Bxb5 10. Nxe6 Bxd4 11. Nxb5 Qa5+ 12. Qd2 Bf2+ 13. Kd1 Ne3+ 14. Ke2 Qxb5+ 15. Kxf2 Ng4+ 16. Kg3 Qd7 17. Re1 Nh6 18. b3 Nc6 19. Bb2 Nd4 20. Bxd4 Nf5+ 21. Kf2 Nxd4 22. Nxd4 cxd4 23. Qxd4 0-0 24. Kg1 Rac8 25. c4 Rc5 26. Rad1 Rcf5 27. Re4 R8f7 28. g3 b6 29. Rde1 Qd8 30. Qe3 Kf8 31. Re2 h5 32. Qd4 Kg8 33. Re6 R5f6 34. Rxe7 Kg7 35. Rxf7+ Kxf7 36. Qd5+ Kg7 37. Qc6 h4 38. Re8 d5 39. Qb7+ 1-0

[Event "Oberliga Bayern 1819"]
[Site "Bayern"]
[Date "2018.10.21"]
[Round "1.4"]
[White "Cabarkapa, Novak"]
[Black "Schlichtmann, Robin"]
[Result "1-0"]
[WhiteElo "2430"]
[BlackElo "2165"]
[PlyCount "57"]
[EventDate "2018.10.21"]
[EventType "team-tourn"]
[EventRounds "9"]
[EventCountry "GER"]
[SourceTitle "EXT 2020"]
[Source "ChessBase"]
[SourceDate "2019.10.17"]
[SourceVersion "1"]
[SourceVersionDate "2019.10.17"]
[SourceQuality "1"]
[WhiteTeam "Deggendorf"]
[BlackTeam "Garching II"]
[WhiteTeamCountry "GER"]
[BlackTeamCountry "GER"]

1. b3 e5 2. Bb2 Nc6 3. Nf3 d6 4. d4 exd4 5. Nxd4 Bd7 6. e3 Nf6 7. Nxc6 Bxc6 8. Rg1 g6 9. g4 Bg7 10. Bd4 0-0 11. g5 Nd7 12. Nc3 Bxd4 13. exd4 Qe7+ 14. Qe2 Rae8 15. 0-0-0 d5 16. Qxe7 Rxe7 17. h4 f6 18. Bd3 fxg5 19. Rxg5 Rxf2 20. h5 Nf8 21. Nxd5 Rd7 22. Ne3 Bf3 23. hxg6 hxg6 24. Rdg1 Rxd4 25. Rf5 Rd7 26. Rg3 Rf7 27. Bc4 Bd5 28. Bxd5 R2xf5 29. Nxf5 1-0

[Event "Regionalliga Sued-Ost 1718"]
[Site "Bayern"]
[Date "2018.04.15"]
[Round "9.1"]
[White "Hausner, Ivan"]
[Black "Schlichtmann, Robin"]
[Result "1-0"]
[WhiteElo "2315"]
[BlackElo "2134"]
[PlyCount "75"]
[EventDate "2017.10.22"]
[EventType "team-tourn"]
[EventRounds "9"]
[EventCountry "GER"]
[SourceTitle "EXT 2022"]
[Source "ChessBase"]
[SourceDate "2021.10.06"]
[SourceVersion "1"]
[SourceVersionDate "2021.10.06"]
[SourceQuality "1"]
[WhiteTeam "Bayerwald Regen/Zwiesel"]
[BlackTeam "Bruckmuehl SK"]
[WhiteTeamCountry "GER"]
[BlackTeamCountry "GER"]

1. c4 Nf6 2. Nc3 d5 3. cxd5 Nxd5 4. g3 g6 5. Bg2 Nb6 6. Nf3 Bg7 7. d3 Nc6 8. 0-0 0-0 9. Bd2 Nd4 10. Nxd4 Qxd4 11. Qc1 c6 12. Bh6 Na4 13. Bxg7 Kxg7 14. Qc2 Nxc3 15. bxc3 Qd6 16. Rab1 Qc7 17. c4 c5 18. Bxb7 Bxb7 19. Qb2+ f6 20. Qxb7 Qd6 21. Qd5 Rfb8 22. Rfc1 Kf8 23. Rb3 Rxb3 24. axb3 Rb8 25. Ra1 Qxd5 26. cxd5 Rb7 27. Ra5 Ke8 28. Rxc5 Rxb3 29. Ra5 Rb7 30. f4 h5 31. Kf2 Kd7 32. Kf3 Kd6 33. e4 Rc7 34. Ke3 Rb7 35. h3 Rc7 36. Kd4 Rb7 37. e5+ Kd7 38. Ra6 1-0

[Event "Regionalliga Sued-Ost 1718"]
[Site "Bayern"]
[Date "2018.03.18"]
[Round "8.1"]
[White "Schlichtmann, Robin"]
[Black "Huber, Edwin"]
[Result "1-0"]
[WhiteElo "2134"]
[BlackElo "2134"]
[PlyCount "25"]
[EventDate "2017.10.22"]
[EventType "team-tourn"]
[EventRounds "9"]
[EventCountry "GER"]
[SourceTitle "EXT 2022"]
[Source "ChessBase"]
[SourceDate "2021.10.06"]
[SourceVersion "1"]
[SourceVersionDate "2021.10.06"]
[SourceQuality "1"]
[WhiteTeam "Bruckmuehl SK"]
[BlackTeam "Ilmmuenster"]
[WhiteTeamCountry "GER"]
[BlackTeamCountry "GER"]

1. e4 c5 2. Nf3 Nc6 3. d4 cxd4 4. Nxd4 Nf6 5. Nc3 e5 6. Ndb5 d6 7. Nd5 Nxd5 8. exd5 Nb8 9. Qf3 Be7 10. Qc3 Na6 11. Be3 b6 12. Qc6+ Bd7 13. Qb7 1-0

[Event "Regionalliga Sued-Ost 1718"]
[Site "Bayern"]
[Date "2017.12.10"]
[Round "4.1"]
[White "Deues, Erik"]
[Black "Schlichtmann, Robin"]
[Result "0-1"]
[WhiteElo "1955"]
[BlackElo "2134"]
[PlyCount "54"]
[EventDate "2017.10.22"]
[EventType "team-tourn"]
[EventRounds "9"]
[EventCountry "GER"]
[SourceTitle "EXT 2022"]
[Source "ChessBase"]
[SourceDate "2021.10.06"]
[SourceVersion "1"]
[SourceVersionDate "2021.10.06"]
[SourceQuality "1"]
[WhiteTeam "Germering"]
[BlackTeam "Bruckmuehl SK"]
[WhiteTeamCountry "GER"]
[BlackTeamCountry "GER"]

1. d4 Nf6 2. c4 g6 3. Nc3 d5 4. cxd5 Nxd5 5. e4 Nxc3 6. bxc3 Bg7 7. Nf3 c5 8. Bb5+ Bd7 9. Bxd7+ Qxd7 10. 0-0 0-0 11. Rb1 Rd8 12. Be3 cxd4 13. cxd4 Nc6 14. d5 Na5 15. Qe2 b6 16. Rfd1 Rac8 17. Nd4 Qa4 18. Qb5 Qxa2 19. Nc6 Nxc6 20. dxc6 Rxd1+ 21. Rxd1 Qc2 22. Qd5 Rxc6 23. Qd8+ Bf8 24. h3 Rc8 25. Bh6 Qc5 26. Bxf8 Rxd8 27. Rxd8 Qc1+ 0-1

[Event "Bayern-ch"]
[Site "Rosenheim"]
[Date "2017.08.25"]
[Round "8"]
[White "Schlichtmann, Robin"]
[Black "Schubert, Josef"]
[Result "1/2-1/2"]
[WhiteElo "2239"]
[BlackElo "2042"]
[PlyCount "55"]
[EventDate "2017.08.20"]
[EventType "swiss"]
[EventRounds "9"]
[EventCountry "GER"]
[SourceTitle "EXT 2019"]
[Source "ChessBase"]
[SourceDate "2018.10.10"]
[SourceVersion "1"]
[SourceVersionDate "2018.10.10"]
[SourceQuality "1"]

1. e4 c5 2. Nf3 e6 3. g3 d5 4. exd5 exd5 5. d4 Nf6 6. Bg2 Nc6 7. dxc5 Bxc5 8. 0-0 0-0 9. Nbd2 Bf5 10. Nb3 Bb6 11. c3 Qd7 12. Nbd4 Bg4 13. Nxc6 bxc6 14. Ne5 Bxd1 15. Nxd7 Nxd7 16. Rxd1 Rad8 17. Re1 Rfe8 18. Bf4 Nc5 19. Be3 Nd3 20. Bxb6 axb6 21. Rxe8+ Rxe8 22. Rb1 Kf8 23. Bf1 Nc5 24. f3 Ra8 25. a3 Ke7 26. Rd1 b5 27. Kf2 Nd7 28. Ra1 1/2-1/2

[Event "Bayern-ch"]
[Site "Rosenheim"]
[Date "2017.08.21"]
[Round "3"]
[White "Schlichtmann, Robin"]
[Black "Walter, Thomas"]
[Result "0-1"]
[WhiteElo "2239"]
[BlackElo "2160"]
[PlyCount "104"]
[EventDate "2017.08.20"]
[EventType "swiss"]
[EventRounds "9"]
[EventCountry "GER"]
[SourceTitle "EXT 2019"]
[Source "ChessBase"]
[SourceDate "2018.10.10"]
[SourceVersion "1"]
[SourceVersionDate "2018.10.10"]
[SourceQuality "1"]

1. e4 c6 2. d4 g6 3. Nc3 Bg7 4. Nf3 d6 5. h3 Nf6 6. Bd3 0-0 7. 0-0 Nbd7 8. a4 e5 9. Re1 Re8 10. Bf1 exd4 11. Nxd4 Nc5 12. f3 Nh5 13. Nde2 Qh4 14. Be3 Be5 15. Bd4 Ne6 16. Bxe5 dxe5 17. Qd2 Kg7 18. b4 Qe7 19. Reb1 a5 20. Nd1 axb4 21. Qxb4 Qc5+ 22. Qxc5 Nxc5 23. a5 Be6 24. Ne3 Ra7 25. Nc1 Rea8 26. Nd3 Nxd3 27. Bxd3 Nf4 28. Bc4 Bc8 29. Rd1 Rxa5 30. Rxa5 Rxa5 31. Rd8 Be6 32. Bxe6 Nxe6 33. Rd7 b5 34. Rd6 Nd4 35. Ng4 b4 36. Nxe5 Nxc2 37. Rxc6 Nd4 38. Rc4 Ne2+ 39. Kf2 Nf4 40. Nc6 Ra2+ 41. Ke3 Nxg2+ 42. Kd4 Rd2+ 43. Kc5 b3 44. Nd4 b2 45. Rb4 Nf4 46. Kc4 Nxh3 47. Kc3 Rf2 48. Kd3 h5 49. Ke3 Rg2 50. Ne2 Nf2 51. Kd2 h4 52. Rxb2 h3 0-1

[Event "Bayern-ch"]
[Site "Rosenheim"]
[Date "2017.08.20"]
[Round "1"]
[White "Schlichtmann, Robin"]
[Black "Baeuml, Ulrich"]
[Result "0-1"]
[WhiteElo "2239"]
[BlackElo "2098"]
[PlyCount "59"]
[EventDate "2017.08.20"]
[EventType "swiss"]
[EventRounds "9"]
[EventCountry "GER"]
[SourceTitle "EXT 2019"]
[Source "ChessBase"]
[SourceDate "2018.10.10"]
[SourceVersion "1"]
[SourceVersionDate "2018.10.10"]
[SourceQuality "1"]

1. e4 e6 2. d4 d5 3. Nc3 dxe4 4. Nxe4 Nd7 5. c3 Ngf6 6. Bd3 Nxe4 7. Bxe4 c5 8. Nf3 Be7 9. 0-0 0-0 10. Bc2 Qc7 11. Bg5 Bxg5 12. Nxg5 Nf6 13. Qd3 c4 14. Qe2 Qf4 15. Nf3 b5 16. a4 Bb7 17. axb5 Ng4 18. Rfe1 Bxf3 19. Qxf3 Qxh2+ 20. Kf1 f5 21. Ke2 Rab8 22. g3 Qh6 23. Rh1 Qg5 24. Qc6 Rbc8 25. Qxe6+ Kh8 26. Kf3 Rce8 27. Qd6 Qd2 28. Bxf5 Qxf2+ 29. Kxg4 Qxf5+ 30. Kh4 0-1

[Event "Oberbayern-ch"]
[Site "Hochstaett am Inn"]
[Date "2017.05.28"]
[Round "4.1"]
[White "Schlichtmann, Robin"]
[Black "Schlosser, Andree"]
[Result "1-0"]
[WhiteElo "2161"]
[BlackElo "2134"]
[PlyCount "97"]
[EventDate "2017.05.28"]
[EventType "swiss"]
[EventRounds "7"]
[EventCountry "GER"]
[SourceTitle "EXT 2022"]
[Source "ChessBase"]
[SourceDate "2021.10.06"]
[SourceVersion "1"]
[SourceVersionDate "2021.10.06"]
[SourceQuality "1"]

1. e4 d6 2. d4 Nf6 3. Nc3 c6 4. a4 Qa5 5. Bd2 e5 6. Nf3 Bg4 7. dxe5 dxe5 8. Bc4 Nbd7 9. Nd5 Qd8 10. Nxf6+ Qxf6 11. h3 Be6 12. Qe2 h6 13. 0-0 Bc5 14. b4 Bb6 15. a5 Bc7 16. Nh2 0-0 17. Ng4 Qg6 18. Bxe6 Qxe6 19. Ne3 g6 20. Rfd1 Nf6 21. f3 a6 22. Nc4 Kg7 23. Be3 Rad8 24. Nb2 Rxd1+ 25. Rxd1 Rc8 26. Na4 Qe7 27. Nc5 Bb8 28. Kh2 Ba7 29. Qd2 Bxc5 30. Bxc5 Qe6 31. Qc3 Re8 32. Rd6 Qc8 33. Qd2 h5 34. Be3 Ng8 35. Rd7 Re7 36. Rd8 Qe6 37. Bc5 Re8 38. Rd7 Rb8 39. Ba7 Ra8 40. Rxb7 Qc8 41. Qd7 Qxd7 42. Rxd7 Nf6 43. Rb7 Rd8 44. Be3 Rd1 45. Rb6 Re1 46. Bc5 Re2 47. Rxc6 h4 48. Bf8+ Kxf8 49. Rxf6 1-0

[Event "Oberbayern-ch"]
[Site "Hochstaett am Inn"]
[Date "2017.05.28"]
[Round "7.1"]
[White "Schlichtmann, Robin"]
[Black "Spiess, Martin"]
[Result "0-1"]
[WhiteElo "2161"]
[BlackElo "2210"]
[PlyCount "40"]
[EventDate "2017.05.28"]
[EventType "swiss"]
[EventRounds "7"]
[EventCountry "GER"]
[SourceTitle "EXT 2022"]
[Source "ChessBase"]
[SourceDate "2021.10.06"]
[SourceVersion "1"]
[SourceVersionDate "2021.10.06"]
[SourceQuality "1"]

1. e4 c5 2. Nf3 d6 3. Bb5+ Bd7 4. Bxd7+ Qxd7 5. c4 Nc6 6. Nc3 Nf6 7. d4 cxd4 8. Nxd4 g6 9. f3 Bg7 10. Be3 0-0 11. 0-0 Rfc8 12. Rc1 Nxd4 13. Bxd4 Rxc4 14. Qd3 Rc6 15. a4 a6 16. a5 Rac8 17. Rcd1 Qe6 18. Na4 Nd7 19. Be3 Ne5 20. Qb1 Qb3 0-1

[Event "Regionalliga SO 1516"]
[Site "Bayern"]
[Date "2015.12.13"]
[Round "4.1"]
[White "Ksieski, Zbigniew"]
[Black "Schlichtmann, Robin"]
[Result "1-0"]
[WhiteElo "2355"]
[BlackElo "2145"]
[PlyCount "69"]
[EventDate "2015.10.11"]
[EventType "team-tourn"]
[EventRounds "9"]
[EventCountry "GER"]
[SourceTitle "EXT 2018"]
[Source "ChessBase"]
[SourceDate "2017.10.13"]
[SourceVersion "1"]
[SourceVersionDate "2017.10.13"]
[SourceQuality "1"]
[WhiteTeam "Germering"]
[BlackTeam "Bruckmuehl"]
[WhiteTeamCountry "GER"]
[BlackTeamCountry "GER"]

1. c4 g6 2. Nc3 c5 3. g3 Bg7 4. Bg2 Nc6 5. e4 e6 6. Nge2 Nge7 7. a3 0-0 8. 0-0 f5 9. d3 Nd4 10. Rb1 Rb8 11. b4 cxb4 12. axb4 Nxe2+ 13. Nxe2 b5 14. Be3 fxe4 15. dxe4 Nc6 16. Bc5 bxc4 17. f4 Rf7 18. e5 d5 19. exd6 Bb7 20. Qc2 a5 21. bxa5 Nxa5 22. Rfd1 Bxg2 23. Kxg2 Rfb7 24. Rxb7 Rxb7 25. Qe4 Qd7 26. Nd4 Kf7 27. Nf3 c3 28. Ng5+ Kg8 29. Nxe6 Rb2+ 30. Kf3 Qb7 31. d7 Qxe4+ 32. Kxe4 Bf6 33. d8Q+ Bxd8 34. Rxd8+ Kf7 35. Ng5+ 1-0

[Event "Regionalliga SO 1516"]
[Site "Bayern"]
[Date "2015.11.15"]
[Round "3.1"]
[White "Schlichtmann, Robin"]
[Black "Prusikin, Michael"]
[Result "0-1"]
[WhiteElo "2145"]
[BlackElo "2485"]
[PlyCount "52"]
[EventDate "2015.10.11"]
[EventType "team-tourn"]
[EventRounds "9"]
[EventCountry "GER"]
[SourceTitle "EXT 2018"]
[Source "ChessBase"]
[SourceDate "2017.10.13"]
[SourceVersion "1"]
[SourceVersionDate "2017.10.13"]
[SourceQuality "1"]
[WhiteTeam "Bruckmuehl"]
[BlackTeam "Tegernsee"]
[WhiteTeamCountry "GER"]
[BlackTeamCountry "GER"]

1. e4 e5 2. Nf3 Nc6 3. Bb5 a6 4. Ba4 Nf6 5. 0-0 Be7 6. Re1 b5 7. Bb3 d6 8. c3 0-0 9. h3 Na5 10. Bc2 c5 11. d4 Qc7 12. Nbd2 Be6 13. Nf1 Nc4 14. b3 Nb6 15. Ne3 c4 16. Nf5 Bxf5 17. exf5 Nfd5 18. dxe5 dxe5 19. Nxe5 Rad8 20. Qh5 Bf6 21. Ng4 cxb3 22. axb3 Qxc3 23. Bg5 Qxc2 24. Bxf6 Nxf6 25. Nxf6+ gxf6 26. Rac1 Qd2 0-1

[Event "Bayern-chI Bank Hofmann 19th"]
[Site "Bad Wiessee"]
[Date "2015.11.05"]
[Round "6"]
[White "Zude, Arno"]
[Black "Schlichtmann, Robin"]
[Result "1-0"]
[WhiteElo "2388"]
[BlackElo "2154"]
[PlyCount "45"]
[EventDate "2015.10.31"]
[EventType "swiss"]
[EventRounds "9"]
[EventCountry "GER"]
[SourceTitle "CBM 169 Extra"]
[Source "ChessBase"]
[SourceDate "2015.12.18"]
[SourceVersion "1"]
[SourceVersionDate "2015.12.18"]
[SourceQuality "1"]

1. e4 e5 2. Nf3 Nc6 3. Bb5 Nf6 4. d3 Bc5 5. c3 Qe7 6. 0-0 0-0 7. Re1 d6 8. h3 h6 9. Nbd2 Bd7 10. Ba4 a6 11. Nf1 Rfe8 12. Ng3 Rad8 13. Bb3 Be6 14. Bxe6 fxe6 15. Qb3 Rb8 16. Be3 Bxe3 17. Rxe3 Qf7 18. Rd1 Nh5 19. Nxh5 Qxh5 20. d4 exd4 21. cxd4 Kh8 22. Rc1 Re7 23. Rxc6 1-0